000 02633nas a2200385 i 4500
001 46710
003 DR-UNIBE
005 20260130143957.0
007 ta
008 260128e1989 dr jn|p|r||||||0| | spa d
022 _a1015-440X
040 _cBiblioteca UNIBE
_aBiblioteca UNIBE
_bspa
_dDO-SdBNP
_erda
041 _aspa
245 0 0 _aRevista UNIBE de ciencia y cultura /
_cUniversidad Iberoamericana (Santo Domingo, República Dominicana).
246 3 _aRevista de ciencia y cultura UNIBE
264 _aSanto Domingo, República Dominicana :
_bUniversidad Iberoamericana (UNIBE),
_c1989.
300 _avolumen :
_bilustraciones ;
_c29 x 22 cm
310 _aCuatrimestral.
336 _atexto
_btxt
_2rdacontent
337 _asin mediación
_bn
_2rdamedia
338 _avolumen
_bnc
_2rdacarrier
362 _aVolumen 1, número 1 (enero-abril 1989) - volumen 1, número 2 (mayo-agosto 1989) - volumen 1, número 3 (septiembre-diciembre 1989) - volumen 2, número 1 (enero-abril 1990) - volumen 2, números 2-3 (mayo-diciembre 1990) - volumen 3, número 1 (enero-abril 1991) - volumen 3, número 2 (mayo-agosto 1991) - volumen 3, número 3 (septiembre-diciembre 1991) - volumen 4, números 1-2 (abril-agosto 1992) - volumen 4, número 3 (septiembre-diciembre 1992) - volumen 5, números 1-3 (enero-diciembre 1993) - volumen 6, números 1-3 (enero-diciembre 1994) - volumen 7, números 1-3 (enero-diciembre 1995) - volumenes 8-9, números 1-3 (1996-1997) - volumen 10, números 1-3 (1998) - volumen 10, números 1-3 (1999) - volumen 11, números 1-3 (2000).
500 _aSe realizo la catalogación en base a este número: Volumen 1, número 1 (enero-abril 1989).
500 _aRegistrada en el portar del ISSN: (1015-440X) con el título propio de: Revista de ciencia y cultura UNIBE. A partir del año 2006 adquiere un nuevo título, formato y periodicidad anual. Anuario UNIBE de ciencias y humanidades (número de registro 49691).
650 7 _aCiencia
_959064
_2lemb
_vPublicaciones periódicas
_zRepública Dominicana
650 7 _aCultura
_959065
_2lemb
_vPublicaciones periódicas
_zRepública Dominicana
650 7 _aHumanidades
_95407
_2lemb
_zRepública Dominicana
650 7 _aLiteratura
_959066
_2lemb
_zRepública Dominicana
650 7 _aEducación superior
_959067
_2lemb
_zRepública Dominicana
650 7 _aCiencias sociales
_2lemb
_9176688
_zRepública Dominicana
650 7 _aInvestigación científica
_959068
_2lemb
_zRepública Dominicana
655 7 _aPublicaciones periódicas
_959069
_2lemb
710 2 _aUniversidad Iberoamericana (Santo Domingo, República Dominicana)
_984319
942 _2ddc
_cISSUE
999 _c60153
_d60153